Herr der Ringe Charaktere nach Bildschirmzeit - Statistiken

Allgemein
  • Dieses Quiz wurde 427 mal gespielt
  • Das Durchschnittsergebnis liegt bei 20 aus 25
Antwortstatistiken
Minuten Charakter % Korrekt
121 Frodo Beutlin
99%
71 Gandalf
99%
78 Samweis Gamdschie
98%
31 Legolas
97%
74 Aragorn/Streicher
95%
31 Gimli
94%
50 Peregrin "Pippin" Tuk
92%
20 Boromir
91%
34 Gollum
90%
41 Meriadoc "Merry" Brandybock
90%
4 Sauron
90%
12 Faramir
88%
9 Saruman
88%
12 Elrond
82%
15 Arwen
81%
13 Bilbo Beutlin
81%
8 Galadriel
79%
18 Éowyn
75%
24 Théoden
72%
8 Éomer
62%
10 Baumbart
57%
5 Grima Schlangenzunge
55%
6 Denethor
52%
7 Hexenkönig von Angmar
47%
4 Gamling
5%
Keine übereinstimmenden Quizze gefunden
Verteilung der Resultate
Anzahl Personen mit jedem Resultat
Perzentil nach korrekt beantworteten Fragen
Ihre Resultats-Entwicklung
Sie haben dieses Quiz noch nicht gespielt